| 000 | 00488cam a2200169 4500 | ||
|---|---|---|---|
| 020 | _a0672208067 | ||
| 082 | 0 | 0 |
_a621.3 _bSAN _cL-9, P-68 |
| 100 | 1 |
_aSands, Leo G. _941068 |
|
| 245 | 1 | 0 |
_a101 questions & answers about electricity, _cby Leo G. Sands. |
| 250 | _a[1st ed.] | ||
| 260 |
_aIndianapolis, _bH. W. Sams _c[1971] |
||
| 300 |
_a112 p. _billus. _c22 cm. |
||
| 526 |
_a0 _b0 _c0 _d621_300000000000000_SAN |
||
| 650 | 0 | _aElectrical engineering | |
| 650 | 0 |
_aMCE _9379 |
|
| 942 |
_2ddc _cBK |
||
| 999 |
_c545263 _d545263 |
||